000 00558nam a2200217 a 4500
999 _c4364
_d4364
001 4364
003 BD-JhCC
005 20171126183011.0
008 171126s1965 ||||| |||| 00| 0 eng d
035 _a(BD-JhCC)
040 _aBD-JhCC
_dBD-JhCC
041 _aeng
082 _a823.914
_bCER 1965
100 _aCervantes, Miguel De
245 _aThe Adventuresof Don Quixoe /
_cMiguel De Cervantes
260 _aLondon :
_bOxford University press,
_c1965
300 _a89 p. :
_c20cm.
650 _aEnglish Stories
942 _2ddc
_cBK